000 00855nam a2200301 i 4500
001 000007260
003 DO-SdBNP
005 20241218104316.0
007 ta
008 181224s2019 dr 000 0 spa d
020 _a9789945614763
040 _aDO-SdBNP
_bspa
_cBNPHU
_erda
041 _hspa
082 _aRD863.44
_bV422a
_222
100 1 _aVega, Máximo
_eautor
_96622
245 1 0 _aAl borde del Edén /
_cMáximo Vega
264 _aSanto Domingo :
_bSantuario,
_c2019
300 _a116 páginas ;
_c21 cm.
336 _ardacontent
_btexto
_2txt
337 _ardamedia
_bsin mediación
_2n
338 _ardacarrier
_bvolumen
_2nc
586 _aPrimer lugar Concurso de novela Funglode
590 _aInventariado, 2024/DG
650 4 _aCuentos dominicanos
_934660
650 4 _aLiteratura domicana
_986872
910 _aDG
942 _2ddc
_cLBS1
999 _c57971
_d57971